zpět

Detail výsledku týmu

Kozlovna S-klub, Olomouc

Datum a čas kvízu

28.5 Celkem bodů Celkový počet nahraných bodů na tomto kvízu bez doplňovacích otázek.
5. Pořadí na kvízu Konečné umístění týmu na tomto kvízu.

Zaznamenané odpovědi

# Otázka Odpověď Body Výsledky
1. O víkendu se v Praze konal 39.... Alexandra Udženija 1
2. Druhá česká vicemiss Karolína... Miss Global 0
3. Americký zpěvák s africkými ko... Akon 0
4. V úterý oznámila jedna softwar... ukončení podpory operačního systému Windows 7 1
5. U fotbalistů Barcelony skončil... Ernesto Valverde 0
6. V zatím posledním díle našeho... Mount McKinley 1
7. Rajčatová šťáva, vývar ze škeb... Caesar 0
8. Jak se jmenuje muž na této fot... Justin Trudeau 1
9. Kanadská zpěvačka Alanis Moris... déšť 1
10. Se Spojenými státy, kam se pod... Hořejší jezero 0